000 00916cam a22003137a 4500
003 CHAP
005 20220817043155.0
008 971013s1983 r 00010 d
010 _a67521
011 _a68493
035 _a77965
040 _cCHAP
090 _aFolleto 11788
100 0 0 _aFeder, Ernest.
_939911
245 1 3 _aEl hambre
_b: perspectivas socioeconómicas
260 _aMéxico :
_bUNAM,
_c1983
300 _a41 p.
490 0 _aCuadernos de Cátedra
590 _aBATCH-UPD
_b10
_c20130110
_lUCH01
_h0730
590 _aBATCH-UPD
_b10
_c20130410
_lUCH01
_h0413
590 _aBATCH-UPD
_b10
_c20130914
_lUCH01
_h0148
590 _aCONVERSION
_b10
_c20130109
_lUCH01
_h1337
650 1 4 _aAlimentos
_xAbastecimiento.
650 1 4 _aPobreza.
_989463
830 0 _aCuadernos de Cátedra
_929756
901 _aBK
942 _cFOLL
949 _aFolleto 11788
_bBC
_cFOLL
_d-30838
_eTS1
_gI.c/e
_i77965
_si
_t3.00
999 _c67521
_d67521